Carteggi; (Record no. 6309)
[ view plain ]
| 000 -LEADER | |
|---|---|
| fixed length control field | 01153cam a22002651 4500 |
| 001 - CONTROL NUMBER | |
| control field | af 48005009 |
| 003 - CONTROL NUMBER IDENTIFIER | |
| control field | DLC |
| 005 - DATE AND TIME OF LATEST TRANSACTION | |
| control field | 20260227110911.0 |
| 008 - FIXED-LENGTH DATA ELEMENTS--GENERAL INFORMATION | |
| fixed length control field | 790319m19389999it 000 0 ita c |
| 010 ## - LIBRARY OF CONGRESS CONTROL NUMBER | |
| LC control number | af 48005009 |
| 035 ## - SYSTEM CONTROL NUMBER | |
| System control number | (OCoLC)4755432 |
| 040 ## - CATALOGING SOURCE | |
| Original cataloging agency | California. Univ. Libr. |
| Transcribing agency | NAlU |
| Modifying agency | DLC |
| 042 ## - AUTHENTICATION CODE | |
| Authentication code | premarc |
| 050 00 - LIBRARY OF CONGRESS CALL NUMBER | |
| Classification number | DG540.8.G8 |
| Item number | A4 |
| 100 1# - MAIN ENTRY--PERSONAL NAME | |
| Personal name | Guicciardini, Francesco, |
| Dates associated with a name | 1483-1540. |
| 240 00 - UNIFORM TITLE | |
| Uniform title | Correspondence |
| 245 00 - TITLE STATEMENT | |
| Title | Carteggi; |
| Statement of responsibility, etc. | a cura di Roberto Palmarocchi. |
| 260 ## - PUBLICATION, DISTRIBUTION, ETC. | |
| Place of publication, distribution, etc. | [Milano] |
| Name of publisher, distributor, etc. | Istituto per gli studi di politica internazionale |
| Date of publication, distribution, etc. | [1938- |
| 300 ## - PHYSICAL DESCRIPTION | |
| Extent | v. |
| Dimensions | 26 cm. |
| 490 1# - SERIES STATEMENT | |
| Series statement | Fonti per la storia d'Italia, pub. dall'Istituto storico italiano per l'età moderna e contemporanea, |
| Volume/sequential designation | v. 3, 5, 10, 15, 18, 24, 26, 28, 39, 63, 77, 82, 87, 99, 100, 110, 119 |
| 600 10 - SUBJECT ADDED ENTRY--PERSONAL NAME | |
| Personal name | Guicciardini, Francesco, |
| Dates associated with a name | 1483-1540 |
| Form subdivision | Correspondence. |
| 651 #0 - SUBJECT ADDED ENTRY--GEOGRAPHIC NAME | |
| Geographic name | Italy |
| General subdivision | History |
| Chronological subdivision | 1492-1599 |
| Form subdivision | Sources. |
| 700 1# - ADDED ENTRY--PERSONAL NAME | |
| Personal name | Palmarocchi, Roberto, |
| Dates associated with a name | 1887- |
| Relator term | ed. |
| 830 #0 - SERIES ADDED ENTRY--UNIFORM TITLE | |
| Uniform title | Fonti per la storia d'Italia pubblicate dall'Istituto storico italiano per l'età moderna e contemporanea ; |
| Volume/sequential designation | v. 3, 5, 10, 15, 18, 24, 26, 28, 39, 63, 77, 82, 87, 99, 100, 110, 119. |
No items available.